| 000 | 00597cam a2200205 4500500 | ||
|---|---|---|---|
| 005 | 20260405003536.0 | ||
| 041 | _afre | ||
| 042 | _adc | ||
| 100 | 1 | 0 |
_aPépin, Charles _eauthor |
| 245 | 0 | 0 | _a“Le philosophe doit-il toujours rester zen ?” |
| 260 | _c2022. | ||
| 500 | _a41 | ||
| 690 | _aCharles Pépin | ||
| 690 | _aCiel | ||
| 690 | _aColère | ||
| 690 | _aÉtoiles | ||
| 690 | _aZen | ||
| 786 | 0 | _nPhilosophie magazine | 162 | 9 | 2022-09-01 | p. 3-3 | 1951-1787 | |
| 856 | 4 | 1 | _uhttps://shs.cairn.info/magazine-philosophie-magazine-2022-9-page-3?lang=fr&redirect-ssocas=7080 |
| 999 |
_c2068531 _d2068531 |
||